000 01200cad a22002295a 4500
001 L137602
008 110623e20070416xxkd f s f000 0 eng d
035 _a(Sirsi) u137602
041 0 _aeng
050 0 4 _a333.33 $2 18
110 1 _aUnited Kingdom
_bDepartment for Communities and Local Government
_94939
245 0 0 _aHouse price index
_bFebruary 2007
_h[electronic resource]
260 _aLondon
_bDCLG
_c2007
490 0 _aDCLG House Price Index
_v(2007/0081) 16 April 2007
520 _aKey details are: the mix-adjusted average house price in the UK stood at £205 102 in February 2007, down from £205 399 in January 2007; UK annual house inflation in February 2007 was 12.1%, up from 10.9% in January, while the figure for London was 16.7%, up from 13.2% in January; and the UK annual house price inflation rate for the three months to February was 11% and 13.9% in London.
590 _aKA NTK
650 2 4 _aDCLG HOUSE PRICE INDEX
651 4 _aUnited Kingdom
_y
690 _aPROPERTY-RESIDENTIAL PROPERTY-RESIDENTIAL PROPERTY MARKET
856 4 0 _uhttps://www.communities.gov.uk/documents/statistics/pdf/1072652.pdf
_zView the item free online at www.communities.gov.uk
942 _n0
999 _c106844
_d106844